Statistics for Largest Objects in the Solar System Besides Moons

Click here to take the quiz!

General Stats

  • This quiz has been taken 741 times
    (732 since last reset)
  • The average score is 14 of 19

Answer Stats

Mass (kg)ClassAnswer% Correct
1.988435 × 10^30StarSun
99%
5.9742 × 10^24PlanetEarth
98%
6.4185 × 10^23PlanetMars
98%
4.8685 × 10^24PlanetVenus
98%
1.899 × 10^27PlanetJupiter
97%
3.302 × 10^23PlanetMercury
97%
1.0243 × 10^26PlanetNeptune
97%
1.305 ± 0.007 × 10^22Dwarf PlanetPluto
97%
5.6846 × 10^26PlanetSaturn
97%
8.6832 × 10^25PlanetUranus
97%
9.5 × 10^20Dwarf PlanetCeres
76%
~1.6 × 10^22Dwarf PlanetEris
70%
4.4 × 10^21Dwarf PlanetMakemake
62%
4.2 ± 0.1 × 10^21Dwarf PlanetHaumea
53%
~3 × 10^21Trans-Neptunian Object90377 Sedna
39%
~6.2 × 10^20Trans-Neptunian ObjectOrcus
27%
~2 × 10^21Trans-Neptunian Object50000 Quaoar
24%
2.7 × 10^20Asteroid4 Vesta
22%
~5.9 × 10^20Trans-Neptunian Object20000 Varuna
7%

Score Distribution

Percentile by Number Answered

Percent of People with Each Score

Your Score History

You have not taken this quiz since the last reset